Statistics for NBA Players By Last Names

Click here to take the quiz!

General Stats

  • This quiz has been taken 2,019 times
  • The average score is 32 of 40

Answer Stats

Last NameFirst Name% Correct
LoveKevin
100%
DurantKevin
100%
McHaleKevin
100%
JamesLeBron
98%
RoseDerrick
96%
GasolPau
96%
HavlicekJohn
95%
WallJohn
95%
BryantKobe
95%
WestbrookRussell
94%
NashSteve
94%
GriffinBlake
93%
GasolMarc
93%
PriceMark
93%
PiercePaul
93%
PippenScottie
93%
ChamberlainWilt
93%
PaulChris
92%
McAdooBob
89%
CousyBob
89%
GayRudy
89%
AnthonyCarmelo
88%
AllenRay
87%
ThomasIsiah
85%
CrawfordJamal
85%
BarryRick
84%
RussellBill
81%
MaravichPete
81%
GervinGeorge
80%
McGeeJaVale
80%
StoudemireAmare
71%
DengLuol
67%
ArchibaldNate
66%
WadeDwyane
63%
FariedKenneth
58%
BradleyAvery
52%
BassBrandon
36%
PekovicNikola
35%
OkaforEmeka
34%
HilarioNene
28%

Score Distribution

Percentile by Number Answered

Percent of People with Each Score

Your Score History

You have not taken this quiz